Countries that Start with M - Statistics

General Stats
  • This quiz has been taken 41 times
  • The average score is 14 of 23
Answer Stats
Answer % Correct
Malaysia
92%
Mexico
89%
Mauritania
87%
Montenegro
87%
Morocco
87%
Mauritius
82%
Mali
79%
Monaco
79%
Mongolia
79%
Maldives
76%
Moldova
76%
Madagascar
74%
Mozambique
74%
Malawi
71%
Malta
71%
Myanmar
71%
Marshall Islands
68%
Micronesia
63%
Macau
3%
🇺🇸🦅🇺🇸🦅🇺🇸🦅🇺🇸🦅🇺🇸MERICA🇺🇸🦅🇺🇸🦅🇺🇸🦅🇺🇸🦅🇺🇸
3%
Martinique
0%
Mayotte
0%
Montserrat
0%
No matching quizzes found
Score Distribution
Percent of People with Each Score
Percentile by Number Answered
Your Score History
You have not taken this quiz